Central Library OPAC University of Rajshahi

Social psychology : (Record no. 37034)

MARC details
000 -LEADER
fixed length control field 00912nam a2200277 a 4500
001 - CONTROL NUMBER
control field 37034
003 - CONTROL NUMBER IDENTIFIER
rucl marc code BD-RjUL
005 - DATE AND TIME OF LATEST TRANSACTION
control field 20211209052554.0
008 - FIXED-LENGTH DATA ELEMENTS--GENERAL INFORMATION
fixed length control field 141001s1982 ilua b 001 0 eng
020 ## - INTERNATIONAL STANDARD BOOK NUMBER
International Standard Book Number 0256024030
035 ## - SYSTEM CONTROL NUMBER
System control number (BD-RjUL)37136
040 ## - CATALOGING SOURCE
Original cataloging agency DLC
Transcribing agency DLC
Modifying agency DLC
-- BD-RjUL
Language of cataloging eng
041 ## - LANGUAGE CODE
Language code of text/sound track or separate title eng
082 00 - DEWEY DECIMAL CLASSIFICATION NUMBER
Classification number 302
Edition number 19
Author mark and year CRS 1982
100 1# - MAIN ENTRY--PERSONAL NAME
Personal name Crano, William D.,
Dates associated with a name 1942-
9 (RLIN) 7530
245 10 - TITLE STATEMENT
Title Social psychology :
Remainder of title principles and themes of interpersonal behavior /
Statement of responsibility, etc. William D. Crano, Lawrence A. Messé.
260 ## - PUBLICATION, DISTRIBUTION, ETC. (IMPRINT)
Place of publication, distribution, etc. Homewood, Ill. :
Name of publisher, distributor, etc. Dorsey Press,
Date of publication, distribution, etc. 1982.
300 ## - PHYSICAL DESCRIPTION
Pagination xv, 559 p. :
Illustrations ill. ;
Size 25 cm.
504 ## - BIBLIOGRAPHY, ETC. NOTE
Bibliography, etc Includes bibliography: p. 508-538 and indexes.
650 #0 - SUBJECT ADDED ENTRY--TOPICAL TERM
Topical term or geographic name as entry element Social psychology.
9 (RLIN) 113200
700 1# - ADDED ENTRY--PERSONAL NAME
Personal name Messé, Lawrence A.
Fuller form of name (Lawrence Allen)
942 ## - ADDED ENTRY ELEMENTS (KOHA)
Source of classification or shelving scheme Dewey Decimal Classification
Koha item type Books
Holdings
Lost status Source of classification or shelving scheme Damaged status Not for loan Collection code Permanent Location Current Location Shelving location Date acquired Source of acquisition Total Checkouts Full call number Date last seen Copy number Koha item type
  Dewey Decimal Classification   Not For Loan Non-fiction Institute of Biological Sciences (IBSc) Library Institute of Biological Sciences (IBSc) Library   01/10/2014 Asia Foundation   302 CRS 1982 01/10/2014 C-1 Books